Tratado de la responsabilidad / (Record no. 110779)

MARC details
000 -LEADER
campo de control de longitud fija 00940nam a2200253 i 4500
001 - NÚMERO DE CONTROL
campo de control 110779
003 - IDENTIFICADOR DE NÚMERO DE CONTROL
campo de control ES-MaACL
005 - FECHA Y HORA DE LA ÚLTIMA TRANSACCIÓN
campo de control 20230906185150.0
007 - CAMPO FIJO DE DESCRIPCIÓN FÍSICA--INFORMACIÓN GENERAL
campo de control de longitud fija t|
008 - DATOS DE LONGITUD FIJA--INFORMACIÓN GENERAL
campo de control de longitud fija 070125s1926 sp l |||| | spa d
080 ## - NÚMERO DE LA CLASIFICACIÓN DECIMAL UNIVERSAL
Número de la Clasificación Decimal Universal 343(460)"1870"(094.4)
100 1# - ENTRADA PRINCIPAL--NOMBRE DE PERSONA
Nombre de persona Castejón, Federico.
9 (RLIN) 36461
245 10 - MENCIÓN DEL TÍTULO
Título Tratado de la responsabilidad /
Mención de responsabilidad, etc. por Federico Castejón.
260 ## - PUBLICACIÓN, DISTRIBUCIÓN, ETC.
Lugar de publicación, distribución, etc. Madrid :
Nombre del editor, distribuidor, etc. Hijos de Reus,
Fecha de publicación, distribución, etc. 1926.
300 ## - DESCRIPCIÓN FÍSICA
Extensión XIV, 646 p. ;
Dimensiones 23 cm.
490 1# - MENCIÓN DE SERIE
Mención de serie Comentarios científico-prácticos al Código penal de 1870 ;
Designación de volumen o secuencia 2
490 1# - MENCIÓN DE SERIE
Mención de serie Biblioteca jurídica de autores españoles y extranjeros ;
Designación de volumen o secuencia 69
610 14 - PUNTO DE ACCESO ADICIONAL DE MATERIA--NOMBRE DE ENTIDAD CORPORATIVA
Nombre de entidad corporativa o nombre de jurisdicción como elemento de entrada España.
Título de la obra Código penal, 1870.
9 (RLIN) 152867
650 #4 - PUNTO DE ACCESO ADICIONAL DE MATERIA--TÉRMINO DE MATERIA
Término de materia o nombre geográfico como elemento de entrada Responsabilidad penal.
9 (RLIN) 16869
830 1# - PUNTO DE ACCESO ADICIONAL DE SERIE-TÍTULO UNIFORME
Título uniforme Comentarios científico-prácticos al Código penal de 1870 ;
Designación de volumen o secuencia 2
9 (RLIN) 185664
830 1# - PUNTO DE ACCESO ADICIONAL DE SERIE-TÍTULO UNIFORME
Título uniforme Biblioteca jurídica de autores españoles y extranjeros ;
Designación de volumen o secuencia 69
9 (RLIN) 182228
852 4# - LOCALIZACIÓN
Ubicación ES-MaACL
Número de control de estantería E-3068
Holdings
Estatus retirado Estado de pérdida Estado de daño No para préstamo Biblioteca de origen Biblioteca actual Ubicación en estantería Fecha de adquisición Fuente de adquisición Total de préstamos Signatura topográfica completa Código de barras Visto por última vez Precio de reemplazo Tipo de ítem Koha
        Biblioteca del Ateneo de Madrid Biblioteca del Ateneo de Madrid Depósito 2 17/01/2008     E-3068 1115585 23/02/2023 23/02/2023 Libro impreso